00163nam a2200073 a 4500008004100000050001500041245002400056350000900080120416s9999 xx |||||||||||||| || u aTX 335 Ato02aA to Z buying guide a0.00